Generácie X,Y,Z a ich vplyv na trh práce

Generácie na trhu práce. Aktuálny stav generácii na svetovom trhu práce. Generácie na Slovensku sa vyvíjajú podobným smerom ako generácie v zahraničí, ale momentálne nedosahujú identické charakteristiky. Dôvodom môže byť pomalší technologický a technický vývoj ako v zahraničí, zlá ekonomická situáci...

Descrizione completa

Salvato in:
Dettagli Bibliografici
Autore principale: Čvirik, Marián, 1992-
Altri autori: Strážovská, Helena
Natura: Capitolo di libro
Lingua:slovacco
Soggetti:
Tags: Aggiungi Tag
Nessun Tag, puoi essere il primo ad aggiungerne!!

MARC

LEADER 00000nla a2200000 4500
001 0195700
005 20240502073303.9
041 0 |a slo 
044 |a SK 
245 1 0 |a Generácie X,Y,Z a ich vplyv na trh práce  |c Marián Čvirik, Helena Strážovská 
520 |a Generácie na trhu práce. Aktuálny stav generácii na svetovom trhu práce. Generácie na Slovensku sa vyvíjajú podobným smerom ako generácie v zahraničí, ale momentálne nedosahujú identické charakteristiky. Dôvodom môže byť pomalší technologický a technický vývoj ako v zahraničí, zlá ekonomická situácia subjektov, vplyv hospodárskej krízy, a iné. 
610 2 0 |a trh práce 
610 2 0 |a generácie 
610 2 0 |a motivácia pracovná 
610 2 0 |a zamestnanosť 
610 2 0 |a Slovensko 
610 2 0 |a svet 
100 1 |a Čvirik, Marián, 1992- 
700 1 |a Strážovská, Helena